000 00677nam a22002057a 4500
999 _c87638
_d87638
005 20230302134705.0
010 _aENG-110618 ENG-136286
020 _a9789350533383
_c1000.00
035 _aEN-94150 EN-119818
037 _bDBAD/PUB
082 _a333.7
100 _aChudasma, Y.M.
245 _aBasic concepts of environmental economics /
_cby Y.M. Chudasma [and] S.J. Jhala
260 _aNew Delhi
_bCyber Tech Publications
_c2014
270 _bNew Delhi
_a4264/3, Ansari Road, Daryaganj
_e110002
300 _av,256p.
_c22cm(Hb)
500 _aIncludes bibliographical references and index
700 _aJhala, S.J.
942 _2ddc
_cEN
_mCHU
_h333.7